000 00815nam a2200277Ia 4500
001 19573
003 DO-CoUTE
005 20260204212625.0
008 220104s9999 dr 000 0 spa d
020 _a978-987-591-739-2
040 _aDO-CoUTE
_bspa
_cDO-CoUTE
041 0 _aspa
082 _a150.9 R572p
100 1 _aRigotti, Hebe
245 1 0 _aPsicología:historia, orígenes, teorías y corrientes / Hebe Rigotti y otros seis; compiladora, Patricia Altamirano
260 _aCórdoba, Argentina : Editorial Brujas
300 _a225 páginas
650 4 _aPsicología
700 1 _aFerrero, Cecilia
700 1 _aManoiloff, Laura
700 1 _aRamírez, Adrián
700 1 _aRodríguez, Mariana
942 _2ddc
_cBK
999 _c21363
_d21363